000 00498nam a22001817a 4500
003 CEME
005 20210628205529.0
008 210308b xxu||||| |||| 00| 0 eng d
020 _a0-8247-9686-1
040 _c.
082 _a629.8323 YOU
100 _aYounkin, George.W
_975912
245 _aIndustrial servo control systems fundamentals and applications
260 _aLONDON
_bMARCEL DEKKER
_c1996
300 _a284P
650 _aHYDRAULIC CONTROL SERVOMECHANISM
_975913
942 _cBK
_2ddc
999 _c581323
_d581323